Telekomunikačná prevádzka : učebný text pre 2. a 3. ročník stredných odborných učilíšť učebný odbor 04-85-2 manipulantpoštovej prevádzky a prepravy a pre 2. a 3. ročník strednej školy pre pracujúcich študijný odbor 04-16-4 poštová prevádzka /

Hlavní autor: Šuran, Ján
Jazyk: Slovenština
Vydáno: Praha : Nadas, 1982
Vydání: 1. vyd.
Témata:
Fyzický popis: 135 s. : tb., vzory tiskopisů ; 30 cm
Knihy
Uloženo v:
LEADER 01284nam a22003132a 4500
001 000930430
003 CZ BrMZK
005 20160829124756.0
007 ta
008 090216s1982 xo k drp||||||||||slo d
035 |a (OCoLC)42173286 
040 |a ABA001  |b cze  |c ABA001  |d BOA001 
072 7 |a 654  |x Telekomunikace a dálkové řízení  |2 Konspekt  |9 4 
072 7 |a 37.016  |x Učební osnovy. Vyučovací předměty. Učebnice  |2 Konspekt  |9 22 
080 |a 654  |2 MRF 
080 |a (075.3)  |2 MRF 
100 1 |a Šuran, Ján  |7 mzk2011647941  |4 aut 
245 1 0 |a Telekomunikačná prevádzka :  |b učebný text pre 2. a 3. ročník stredných odborných učilíšť učebný odbor 04-85-2 manipulantpoštovej prevádzky a prepravy a pre 2. a 3. ročník strednej školy pre pracujúcich študijný odbor 04-16-4 poštová prevádzka /  |c Ján Šuran 
250 |a 1. vyd. 
260 |a Praha :  |b Nadas,  |c 1982 
300 |a 135 s. :  |b tb., vzory tiskopisů ;  |c 30 cm 
500 |a 800 výt. 
504 |a Obsahuje bibliografii 
650 0 7 |a telekomunikace  |7 ph116420  |2 czenas 
655 7 |a učebnice učňovských škol  |7 fd338605  |2 czenas 
910 |a BOA001  |b 4-0849.483 
990 |a BK 
991 |b 200902 
996 6 |b BC-676771  |c 4-0849.483  |l MZK  |r Sklad / do 1 hodiny  |n 0  |w 000930430  |u 000010  |a 1  |e BOA001  |j MZK50  |s P